Geometrical and visual optics : (Record no. 29214)
[ view plain ]
| 000 -LEADER | |
|---|---|
| fixed length control field | 00590 a2200169 4500 |
| 020 ## - INTERNATIONAL STANDARD BOOK NUMBER | |
| International Standard Book Number | 0071374159 |
| 020 ## - INTERNATIONAL STANDARD BOOK NUMBER | |
| International Standard Book Number | 9780071374156 |
| 082 04 - DEWEY DECIMAL CLASSIFICATION NUMBER | |
| Classification number | 617.75076 |
| 090 ## - LOCALLY ASSIGNED LC-TYPE CALL NUMBER (OCLC); LOCAL CALL NUMBER (RLIN) | |
| -- | 584 |
| -- | 584 |
| 100 1# - MAIN ENTRY--PERSONAL NAME | |
| Personal name | Schwartz, Steven H. |
| 245 10 - TITLE STATEMENT | |
| Title | Geometrical and visual optics : |
| Remainder of title | a clinical introduction / |
| Statement of responsibility, etc. | Steven H. Schwartz. |
| 250 ## - EDITION STATEMENT | |
| Edition statement | 1st ed. |
| 260 ## - PUBLICATION, DISTRIBUTION, ETC. | |
| Place of publication, distribution, etc. | [S.l.] : |
| Name of publisher, distributor, etc. | McGraw-Hill/Appleton & Lange, |
| Date of publication, distribution, etc. | 2002. |
| 300 ## - PHYSICAL DESCRIPTION | |
| Extent | 315 p. ; |
| Dimensions | 25 cm. |
| 942 ## - ADDED ENTRY ELEMENTS (KOHA) | |
| Institution code [OBSOLETE] | SNS |
| Koha item type | Book |
| Call number prefix | 617.75076 SCH |
| Withdrawn status | Lost status | Damaged status | Not for loan | Permanent Location | Current Location | Date acquired | Total Checkouts | Full call number | Barcode | Date last seen | Price effective from | Koha item type |
|---|---|---|---|---|---|---|---|---|---|---|---|---|
| School of Natural Sciences (SNS) | School of Natural Sciences (SNS) | 05/26/2016 | 617.75076 SCH | SNS0000732 | 05/26/2016 | 05/26/2016 | Book |
